| 000 | 01465nam a22004457a 4500 | ||
|---|---|---|---|
| 001 | 0008247 | ||
| 003 | KOHA_MİRAKIL | ||
| 005 | 20260207001627.0 | ||
| 007 | ta | ||
| 008 | 091009b2004 tu a|||gr||||#0|||0|tur | | ||
| 020 | _a9751616662 | ||
| 020 | _cTL6 | ||
| 040 |
_aTR-BiSEU _btur _cTR-BiSEU _erda |
||
| 041 | 0 | _atur | |
| 044 | _ctu | ||
| 050 |
_aDR479.B37 _bK85 2004 |
||
| 100 | 1 | _aKurşun, Zekeriya. | |
| 245 | 1 |
_aBasra Körfezi'nde Osmanlı-İngiliz çekişmesi : _bKatar'da Osmanlılar 1871-1916/ _cZekeriya Kurşun ; Zekeriya Kurşun. |
|
| 264 | 1 |
_aAnkara : _bTürk Tarih Kurumu Basımevı _c2004 |
|
| 300 |
_ax, 206 sayfa : _bKatlı haritalar (bazısı renkli) ; _c24 cm. |
||
| 336 |
_ametin _btxt _2rdacontent |
||
| 337 |
_aaracısız _bn _2rdamedia |
||
| 338 |
_acilt _bnc _2rdacarrier |
||
| 490 | 1 | _aTürk Tarih Kurumu yayınları. | |
| 490 | 1 | _aVII. | |
| 490 | 1 |
_adizi ; _vsa. |
|
| 490 | 1 | _a207. | |
| 500 | _aKaynakça ve dizin var. | ||
| 650 | 0 |
_aTürkiye--Dış ilişkiler--Büyük Britanya. _920464 |
|
| 650 | 0 |
_aTurkey--Foreign relations--Great Britain. _920465 |
|
| 650 | 0 |
_aBüyük Britanya--Dış ilişkiler--Türkiye. _920466 |
|
| 650 | 0 |
_aGreat Britain--Foreign relations--Turkey. _920467 |
|
| 650 | 0 |
_aKatar--Tarih 19. Yüzyıl. _920468 |
|
| 830 | 1 |
_aTürk Tarih Kurumu yayınları. _96704 |
|
| 830 | 1 |
_aVII. _920305 |
|
| 830 | 1 |
_adizi ; _vsa. _910357 |
|
| 830 | 1 |
_a207. _98367 |
|
| 907 | _aTarih | ||
| 942 |
_2lcc _cBK |
||
| 999 |
_c8219 _d8219 |
||